<?xml version="1.0" encoding="UTF-8"?>
<marc:record xmlns:marc="http://www.loc.gov/MARC21/slim">
   <marc:leader>00000nam a2200000 a 4500</marc:leader>
   <marc:datafield ind1="1" ind2=" " tag="100">
      <marc:subfield code="a">Liehr, Tom</marc:subfield>
      <marc:subfield code="4">aut</marc:subfield>
      <marc:subfield code="e">Verfasser/-in</marc:subfield>
   </marc:datafield>
   <marc:datafield ind1="0" ind2="0" tag="245">
      <marc:subfield code="a">Sommerhit</marc:subfield>
   </marc:datafield>
   <marc:datafield ind1="0" ind2="0" tag="245">
      <marc:subfield code="b">Roman</marc:subfield>
   </marc:datafield>
   <marc:datafield ind1="0" ind2="0" tag="245">
      <marc:subfield code="c">Tom Liehr</marc:subfield>
   </marc:datafield>
   <marc:datafield ind1=" " ind2="1" tag="264">
      <marc:subfield code="a">Berlin</marc:subfield>
      <marc:subfield code="b">Rütten &amp; Loening</marc:subfield>
      <marc:subfield code="c">2011</marc:subfield>
   </marc:datafield>
   <marc:datafield ind1=" " ind2=" " tag="250">
      <marc:subfield code="a">1. Aufl.</marc:subfield>
   </marc:datafield>
   <marc:datafield ind1="1" ind2=" " tag="520">
      <marc:subfield code="a">Angaben aus der Verlagsmeldung

Sommerhit : Roman / von Tom Liehr

Ein gutes Leben ist die beste Rache!

Vom „Tal der Ahnungslosen“ ins West-Berlin der 80er Jahre – Falk Lutter hat es wirklich nicht leicht im vermeintlichen Land der Träume. „Sommerhit“ erzählt die Geschichte von einem, der auszog, es allen zu zeigen: eine meisterhaft ausbalancierte Tragikomödie über Heimatgefühle, Außenseitertum, Lebensträume und nicht zuletzt Familie und Freundschaft.

„Ein Autor, den man in einem Atemzug mit Nick Hornby nennen kann.“ Radio AFK
</marc:subfield>
   </marc:datafield>
   <marc:datafield ind1=" " ind2=" " tag="020">
      <marc:subfield code="a">9783352008146</marc:subfield>
      <marc:subfield code="9">9783352008146</marc:subfield>
   </marc:datafield>
   <marc:datafield ind1=" " ind2=" " tag="020">
      <marc:subfield code="a">3352008140</marc:subfield>
      <marc:subfield code="9">3352008140</marc:subfield>
   </marc:datafield>
   <marc:datafield ind1=" " ind2=" " tag="300">
      <marc:subfield code="a">330 S.</marc:subfield>
   </marc:datafield>
</marc:record>
